[Event "Catalunya-chT Gp2"]
[Site "Barcelona"]
[Date "2017.02.18"]
[Round "5.10"]
[White "Comallonga Fernandez, Josep"]
[Black "Yepes Martinez, Eduardo"]
[Result "0-1"]
[WhiteElo "2037"]
[BlackElo "2194"]
[PlyCount "124"]
[EventDate "2017.01.21"]
[EventType "team-tourn"]
[EventRounds "7"]
[EventCountry "ESP"]
[SourceTitle "EXT 2018"]
[Source "ChessBase"]
[SourceDate "2017.10.13"]
[SourceVersion "1"]
[SourceVersionDate "2017.10.13"]
[SourceQuality "1"]
[WhiteTeam "Cerdanyola Valles"]
[BlackTeam "Foment Martinenc"]
[WhiteTeamCountry "ESP"]
[BlackTeamCountry "ESP"]

1. d4 e6 2. c4 f5 3. Nc3 Nf6 4. Qc2 Bb4 5. Nf3 b6 6. e3 Bb7 7. Bd3 Ne4 8. Bd2 Bxc3 9. Bxc3 Nxc3 10. Qxc3 0-0 11. h4 Qf6 12. 0-0-0 d6 13. h5 Nd7 14. Bc2 Rac8 15. Ba4 c6 16. Qa3 Rfd8 17. Kb1 c5 18. d5 exd5 19. cxd5 Ne5 20. Qc3 a6 21. Bc2 Rc7 22. Nh4 f4 23. e4 b5 24. Nf5 Bc8 25. Rh3 b4 26. Qb3 c4 27. Qa4 b3 28. axb3 cxb3 29. Rxb3 Bd7 30. Qxa6 Rdc8 31. Nd4 Nc4 32. Rb7 Bg4 33. Rxc7 Rxc7 34. f3 Bc8 35. Qa4 Bd7 36. Qb3 Ne3 37. Rd3 Qh4 38. Qb6 Rc8 39. Qb7 Qe1+ 40. Ka2 Qa5+ 41. Ra3 Qc5 42. Qxd7 Nxc2 43. Nxc2 Qc4+ 44. Rb3 Qxc2 45. Qb7 h6 46. Rb4 Rc7 47. Qb6 Kh7 48. Ka3 Rc8 49. Ra4 Qb1 50. Qb3 Qa1+ 51. Qa2 Qc1 52. Ra5 Rc3+ 53. Ka4 Qc2+ 54. Kb4 Rc7 55. b3 Rb7+ 56. Ka3 Qc7 57. Kb2 Qb6 58. Qa4 Qf2+ 59. Ka3 Qe1 60. Kb2 Qd2+ 61. Kb1 Rc7 62. Qa3 Rc2 0-1

[Event "Catalunya-chT Gp1 final"]
[Site "Barcelona"]
[Date "2016.03.12"]
[Round "1.3"]
[White "Morros Faura, Ricard"]
[Black "Yepes Martinez, Eduardo"]
[Result "1-0"]
[WhiteElo "2205"]
[BlackElo "2238"]
[PlyCount "41"]
[EventDate "2016.03.12"]
[EventType "team-tourn"]
[EventRounds "4"]
[EventCountry "ESP"]
[SourceTitle "CBM 171 Extra"]
[Source "ChessBase"]
[SourceDate "2016.04.26"]
[SourceVersion "1"]
[SourceVersionDate "2016.04.26"]
[SourceQuality "1"]
[WhiteTeam "Mollet"]
[BlackTeam "Foment Martinenc"]
[WhiteTeamCountry "ESP"]
[BlackTeamCountry "ESP"]

1. e4 e6 2. d4 d5 3. Nc3 Nf6 4. Bg5 dxe4 5. Nxe4 Be7 6. Bxf6 gxf6 7. Nf3 a6 8. Bd3 Nd7 9. Qe2 f5 10. Nc3 0-0 11. g4 fxg4 12. Rg1 Kh8 13. Rxg4 f5 14. Rg2 Nf6 15. 0-0-0 Qd6 16. Rdg1 Bd7 17. Ne5 Qxd4 18. Rg7 Ba3 19. bxa3 Qxc3 20. Nxd7 Ng4 21. R1xg4 1-0

[Event "Catalunya-chT"]
[Site "Catalunya"]
[Date "2014.03.01"]
[Round "6.3"]
[White "Camacho Collados, Marcos"]
[Black "Yepes Martinez, Eduardo"]
[Result "1-0"]
[WhiteElo "2420"]
[BlackElo "2238"]
[PlyCount "67"]
[EventDate "2014.01.25"]
[EventType "team"]
[EventRounds "11"]
[EventCountry "ESP"]
[SourceTitle "EXT 2015"]
[Source "ChessBase"]
[SourceDate "2014.11.20"]
[SourceVersion "1"]
[SourceVersionDate "2014.11.20"]
[SourceQuality "1"]
[WhiteTeam "Barcelona Uga"]
[BlackTeam "Foment Martinenc"]
[WhiteTeamCountry "ESP"]
[BlackTeamCountry "ESP"]

1. e4 e6 2. d3 c5 3. Nf3 Nc6 4. g3 g6 5. Bg2 Bg7 6. 0-0 Nge7 7. c3 d5 8. Qe2 h6 9. h4 b6 10. Re1 Ba6 11. e5 Qc7 12. Bf4 0-0-0 13. a4 Rdg8 14. Na3 g5 15. hxg5 hxg5 16. Bxg5 Ng6 17. Nb5 Bxb5 18. axb5 Ncxe5 19. d4 Nxf3+ 20. Qxf3 c4 21. Ra4 Kb8 22. Rea1 a5 23. bxa6 Ka7 24. b3 b5 25. Rb4 Rb8 26. bxc4 bxc4 27. Rb7+ Rxb7 28. axb7+ Kxb7 29. Qd1 Qc6 30. Qb1+ Kc8 31. Ra7 Rf8 32. Qb4 Bh8 33. Bf4 e5 34. dxe5 1-0

[Event "Catalunya-chT"]
[Site "Catalunya"]
[Date "2012.04.14"]
[Round "10.5"]
[White "Yepes Martinez, Eduardo"]
[Black "Luke Brezmes, Cristofer"]
[Result "1/2-1/2"]
[WhiteElo "2256"]
[BlackElo "2069"]
[PlyCount "71"]
[EventDate "2012.01.28"]
[EventType "team-tourn"]
[EventRounds "11"]
[EventCountry "ESP"]
[SourceTitle "EXT 2013"]
[Source "ChessBase"]
[SourceDate "2012.11.22"]
[SourceVersion "1"]
[SourceVersionDate "2012.11.22"]
[SourceQuality "1"]
[WhiteTeam "Foment Martinenc"]
[BlackTeam "Tarragona"]
[WhiteTeamCountry "ESP"]
[BlackTeamCountry "ESP"]

1. e4 e5 2. Nf3 Nc6 3. d4 exd4 4. Nxd4 Bc5 5. Nb3 Bb4+ 6. Bd2 Qe7 7. Bd3 Bxd2+ 8. Qxd2 Nf6 9. Nc3 d6 10. 0-0-0 a5 11. Nd5 Qd8 12. Bb5 0-0 13. Rhe1 Be6 14. Qc3 Bxd5 15. exd5 Nb4 16. Kb1 Nbxd5 17. Qf3 c6 18. Bd3 a4 19. Nd4 Qb6 20. Bc4 a3 21. Bb3 axb2 22. Nf5 Qa5 23. Kxb2 Qa3+ 24. Kb1 Qb4 25. Re3 Nxe3 26. Qxe3 Nd5 27. Qg5 Qc3 28. Nxd6 Qc5 29. Bxd5 cxd5 30. Nf5 Qb4+ 31. Kc1 Qc3 32. Rd4 Qe1+ 33. Rd1 Qc3 34. Rd4 Qe1+ 35. Rd1 Qc3 36. Rd4 1/2-1/2

[Event "Catalunya-chT"]
[Site "Catalunya"]
[Date "2012.03.24"]
[Round "9.6"]
[White "Martinez Romero, Martin"]
[Black "Yepes Martinez, Eduardo"]
[Result "0-1"]
[WhiteElo "2360"]
[BlackElo "2256"]
[PlyCount "58"]
[EventDate "2012.01.28"]
[EventType "team-tourn"]
[EventRounds "11"]
[EventCountry "ESP"]
[SourceTitle "EXT 2013"]
[Source "ChessBase"]
[SourceDate "2012.11.22"]
[SourceVersion "1"]
[SourceVersionDate "2012.11.22"]
[SourceQuality "1"]
[WhiteTeam "Montcada"]
[BlackTeam "Foment Martinenc"]
[WhiteTeamCountry "ESP"]
[BlackTeamCountry "ESP"]

1. e4 e6 2. d4 d5 3. Nc3 Nf6 4. Bg5 dxe4 5. Nxe4 Be7 6. Nxf6+ Bxf6 7. Bxf6 Qxf6 8. Bd3 0-0 9. Nf3 c5 10. 0-0 cxd4 11. Nxd4 e5 12. Nb5 Nc6 13. Re1 Bf5 14. Bxf5 Qxf5 15. Nd6 Qg6 16. Nxb7 Rab8 17. Nc5 Rfd8 18. Qf3 Nd4 19. Qc3 Nxc2 20. b4 Nxa1 21. Rxa1 a5 22. a3 axb4 23. axb4 Qd6 24. h3 Qd4 25. Qxd4 Rxd4 26. b5 Rd5 27. Na6 Rbxb5 28. Nb4 Rd8 29. Nc6 Re8 0-1

[Event "Catalunya-chT"]
[Site "Catalunya"]
[Date "2012.02.25"]
[Round "5.6"]
[White "Gonzalez Perez, Arian"]
[Black "Yepes Martinez, Eduardo"]
[Result "1-0"]
[WhiteElo "2464"]
[BlackElo "2256"]
[PlyCount "165"]
[EventDate "2012.01.28"]
[EventType "team-tourn"]
[EventRounds "11"]
[EventCountry "ESP"]
[SourceTitle "EXT 2013"]
[Source "ChessBase"]
[SourceDate "2012.11.22"]
[SourceVersion "1"]
[SourceVersionDate "2012.11.22"]
[SourceQuality "1"]
[WhiteTeam "Colon Sabadell"]
[BlackTeam "Foment Martinenc"]
[WhiteTeamCountry "ESP"]
[BlackTeamCountry "ESP"]

1. d4 f5 2. g3 Nf6 3. Bg2 g6 4. c3 Bg7 5. Qb3 Nc6 6. Nf3 e6 7. Nbd2 Qe7 8. 0-0 0-0 9. Re1 d5 10. Qc2 Ne4 11. Rf1 Kh8 12. Ne1 e5 13. dxe5 Nxe5 14. Nd3 Nxd2 15. Bxd2 c6 16. Be3 Re8 17. Bc5 Qc7 18. Nxe5 Bxe5 19. e3 Be6 20. Rfd1 Rad8 21. Qa4 b6 22. Bd4 Bf7 23. Rd2 Kg8 24. Bxe5 Rxe5 25. Rad1 b5 26. Qd4 Rde8 27. h4 Qb6 28. Qf4 Qc5 29. Rd4 Qe7 30. a4 a6 31. axb5 axb5 32. Ra1 Kg7 33. Rd2 h6 34. b4 g5 35. hxg5 hxg5 36. Qd4 Qf6 37. Rda2 R5e6 38. Bh3 g4 39. Bf1 R8e7 40. Bd3 Qxd4 41. cxd4 Kf6 42. Kg2 Bg6 43. Ra6 Rb7 44. Rc1 Be8 45. Rh1 Bg6 46. Rh8 Rc7 47. Kf1 Kg7 48. Rb8 Kf6 49. Rbb6 Bf7 50. Rb8 Bg6 51. Ke2 Bf7 52. Rbb6 Bg8 53. Ra1 Rce7 54. Rc1 f4 55. gxf4 g3 56. Rbxc6 g2 57. Rxe6+ Bxe6 58. f5 Bxf5 59. Bxf5 Kxf5 60. Kf3 Rc7 61. Rb1 Rc4 62. Kxg2 Ke4 63. Rb3 Rc2 64. Kg3 Rc8 65. f3+ Kf5 66. Ra3 Rc4 67. Ra8 Rxb4 68. Re8 Rb3 69. Re5+ Kf6 70. Kf4 Rb1 71. Rxd5 b4 72. Rd6+ Ke7 73. Rb6 b3 74. Ke5 b2 75. Rb7+ Kd8 76. e4 Rf1 77. Rxb2 Rxf3 78. Rb7 Rh3 79. Kd5 Rh6 80. e5 Ra6 81. Rh7 Ra5+ 82. Ke4 Ra4 83. e6 1-0

[Event "Catalunya-chT"]
[Site "Catalunya"]
[Date "2012.02.11"]
[Round "3.6"]
[White "Iglesias, Jorge"]
[Black "Yepes Martinez, Eduardo"]
[Result "1-0"]
[WhiteElo "2303"]
[BlackElo "2256"]
[PlyCount "64"]
[EventDate "2012.01.28"]
[EventType "team-tourn"]
[EventRounds "11"]
[EventCountry "ESP"]
[SourceTitle "EXT 2013"]
[Source "ChessBase"]
[SourceDate "2012.11.22"]
[SourceVersion "1"]
[SourceVersionDate "2012.11.22"]
[SourceQuality "1"]
[WhiteTeam "Badalona Sant Josep"]
[BlackTeam "Foment Martinenc"]
[WhiteTeamCountry "ESP"]
[BlackTeamCountry "ESP"]

1. e4 e6 2. d4 d5 3. Nc3 Nf6 4. Bg5 dxe4 5. Nxe4 Be7 6. Bxf6 gxf6 7. Nf3 a6 8. g3 b5 9. Bg2 Bb7 10. Qe2 Bd5 11. Qe3 Nd7 12. 0-0 f5 13. Ned2 0-0 14. Rfe1 c5 15. dxc5 Bxc5 16. Qh6 Qf6 17. Qxf6 Nxf6 18. Ne5 Rfd8 19. Nd3 Bb6 20. Bxd5 Nxd5 21. Nf3 Rac8 22. Re2 Rc4 23. Nfe5 Rc7 24. Kg2 Rdc8 25. c3 Rd8 26. Rd1 f6 27. Nf3 e5 28. Red2 e4 29. Nb4 exf3+ 30. Kxf3 Rcd7 31. Rxd5 Rxd5 32. Rxd5 Ra8 1-0

[Event "Catalunya-chT"]
[Site "Catalunya"]
[Date "2012.02.04"]
[Round "2.8"]
[White "Yepes Martinez, Eduardo"]
[Black "Guasch Sariol, Jaume"]
[Result "0-1"]
[WhiteElo "2256"]
[BlackElo "2122"]
[PlyCount "62"]
[EventDate "2012.01.28"]
[EventType "team-tourn"]
[EventRounds "11"]
[EventCountry "ESP"]
[SourceTitle "EXT 2013"]
[Source "ChessBase"]
[SourceDate "2012.11.22"]
[SourceVersion "1"]
[SourceVersionDate "2012.11.22"]
[SourceQuality "1"]
[WhiteTeam "Foment Martinenc"]
[BlackTeam "Cerdanyola Valles"]
[WhiteTeamCountry "ESP"]
[BlackTeamCountry "ESP"]

1. e4 e6 2. d4 d5 3. Nc3 dxe4 4. Nxe4 Bd7 5. Nf3 Bc6 6. Bd3 Nd7 7. 0-0 Ngf6 8. Ng3 Bxf3 9. Qxf3 c6 10. b3 Bd6 11. Bb2 0-0 12. c4 Re8 13. Rad1 Qc7 14. Rfe1 Rad8 15. Bb1 Bf8 16. h4 Qa5 17. h5 Bb4 18. Re2 Qg5 19. Qd3 g6 20. Bc1 Qh4 21. hxg6 hxg6 22. Ne4 Ng4 23. Bf4 Kg7 24. Qg3 Qh5 25. f3 Rh8 26. fxg4 Qh1+ 27. Kf2 Qxd1 28. Bc2 Qxd4+ 29. Be3 Qa1 30. g5 Rh1 31. Bf4 Be1+ 0-1

[Event "Catalunya-chT"]
[Site "Catalunya"]
[Date "2012.01.28"]
[Round "1.8"]
[White "Bruned Segura, Mario"]
[Black "Yepes Martinez, Eduardo"]
[Result "1/2-1/2"]
[WhiteElo "2151"]
[BlackElo "2256"]
[PlyCount "116"]
[EventDate "2012.01.28"]
[EventType "team-tourn"]
[EventRounds "11"]
[EventCountry "ESP"]
[SourceTitle "EXT 2013"]
[Source "ChessBase"]
[SourceDate "2012.11.22"]
[SourceVersion "1"]
[SourceVersionDate "2012.11.22"]
[SourceQuality "1"]
[WhiteTeam "Lleida"]
[BlackTeam "Foment Martinenc"]
[WhiteTeamCountry "ESP"]
[BlackTeamCountry "ESP"]

1. e4 e6 2. d4 d5 3. Nd2 Nf6 4. e5 Nfd7 5. Bd3 c5 6. c3 Nc6 7. Ne2 cxd4 8. cxd4 f6 9. exf6 Nxf6 10. 0-0 Bd6 11. Nf3 0-0 12. Bf4 Bxf4 13. Nxf4 Ng4 14. Nh5 g6 15. Ng3 Qf6 16. h3 Nh6 17. Qd2 Nf7 18. Rad1 Nd6 19. Bb1 Bd7 20. Rfe1 Nc4 21. Qe2 Rac8 22. b3 Na3 23. Ne5 Nxe5 24. dxe5 Qe7 25. Bd3 a6 26. Qb2 Bb5 27. Bb1 Rc7 28. Rc1 Qb4 29. Nf1 Nxb1 30. Qxb1 Rxc1 31. Qxc1 Bxf1 32. Kxf1 Qb5+ 33. Kg1 Qd7 34. Re2 Rc8 35. Rc2 Rc6 36. Rxc6 Qxc6 37. Qg5 Qd7 38. h4 Qf7 39. g4 Kf8 40. Kg2 Qe7 41. Qc1 Qd7 42. h5 gxh5 43. Qh6+ Qg7 44. Qxh5 Qg6 45. Qh3 Kg7 46. Qf3 h5 47. Kg3 Qxg4+ 48. Qxg4+ hxg4 49. Kxg4 Kg6 50. b4 d4 51. Kf4 d3 52. Ke3 Kf5 53. Kxd3 Kxe5 54. a4 Kd5 55. f4 e5 56. fxe5 Kxe5 57. Kc4 Kd6 58. Kd4 b6 1/2-1/2

[Event "Catalunya-chT"]
[Site "Barcelona"]
[Date "2011.02.19"]
[Round "4.7"]
[White "Yepes Martinez, Eduardo"]
[Black "Rahal, Michael"]
[Result "1/2-1/2"]
[WhiteElo "2260"]
[BlackElo "2343"]
[PlyCount "69"]
[EventDate "2011.01.29"]
[EventType "team-tourn"]
[EventRounds "11"]
[EventCountry "ESP"]
[SourceTitle "EXT 2012"]
[Source "ChessBase"]
[SourceDate "2011.11.24"]
[SourceVersion "1"]
[SourceVersionDate "2011.11.24"]
[SourceQuality "1"]
[WhiteTeam "Forment"]
[BlackTeam "Colon Sabadell"]
[WhiteTeamCountry "ESP"]
[BlackTeamCountry "ESP"]

1. e4 e6 2. d4 d5 3. Nc3 Bb4 4. exd5 exd5 5. Bd3 Nc6 6. a3 Bxc3+ 7. bxc3 Nf6 8. Ne2 Na5 9. 0-0 0-0 10. Bg5 Qd6 11. Qb1 Ne4 12. Bf4 Qc6 13. Re1 Nc4 14. f3 Ned6 15. Ng3 Re8 16. Rxe8+ Qxe8 17. Qe1 Bd7 18. Qf2 f6 19. h4 Qf7 20. Bxd6 Nxd6 21. Qd2 Re8 22. Kf2 Bb5 23. Rb1 a6 24. Re1 Rxe1 25. Qxe1 Bxd3 26. cxd3 Qd7 27. Qe2 Kf7 28. Qa2 Qe6 29. Qb3 g6 30. Qb4 b6 31. Qa4 Nb5 32. Qb3 Nd6 33. Qa4 Nb5 34. Qb3 Nd6 35. Qa4 1/2-1/2

[Event "Catalunya-chT"]
[Site "Barcelona"]
[Date "2011.01.29"]
[Round "1"]
[White "Montilla Carrillo, Esteban"]
[Black "Yepes Martinez, Eduardo"]
[Result "0-1"]
[WhiteElo "2278"]
[BlackElo "2260"]
[PlyCount "66"]
[EventDate "2011.01.29"]
[EventType "team-tourn"]
[EventRounds "11"]
[EventCountry "ESP"]
[SourceTitle "EXT 2012"]
[Source "ChessBase"]
[SourceDate "2011.11.24"]
[SourceVersion "1"]
[SourceVersionDate "2011.11.24"]
[SourceQuality "1"]
[WhiteTeam "Barcelona Escola Escacs"]
[BlackTeam "Forment"]
[WhiteTeamCountry "ESP"]
[BlackTeamCountry "ESP"]

1. e4 e6 2. d4 d5 3. e5 c5 4. c3 Nc6 5. Nf3 Bd7 6. Be2 Nge7 7. Na3 Ng6 8. Nc2 Be7 9. g3 cxd4 10. cxd4 0-0 11. h4 f6 12. h5 Nh8 13. Bd3 Rc8 14. 0-0 fxe5 15. Nxe5 Nxe5 16. dxe5 Bc5 17. Qg4 Nf7 18. Bf4 Qe7 19. Rac1 Kh8 20. Ne3 Bd4 21. h6 Nxe5 22. Bg5 Qxg5 23. Qxg5 Nf3+ 24. Kg2 Nxg5 25. hxg7+ Kxg7 26. Nc2 Bb6 27. f4 Ne4 28. Rce1 Nc5 29. Be2 Na4 30. Nb4 Nxb2 31. Rb1 Nc4 32. Rh1 Ne3+ 33. Kf3 e5 0-1

[Event "Catalunya-chT Honor"]
[Site "Catalunya"]
[Date "2009.03.15"]
[Round "7"]
[White "Garcia Cano, Antonio"]
[Black "Yepes Martinez, Eduardo"]
[Result "0-1"]
[WhiteElo "2296"]
[BlackElo "2267"]
[PlyCount "102"]
[EventDate "2009.02.01"]
[EventType "team-tourn"]
[EventRounds "9"]
[EventCountry "ESP"]
[SourceTitle "EXT 2019"]
[Source "ChessBase"]
[SourceDate "2018.10.10"]
[SourceVersion "1"]
[SourceVersionDate "2018.10.10"]
[SourceQuality "1"]
[WhiteTeam "Montcada"]
[BlackTeam "Foment Martinenc"]
[WhiteTeamCountry "ESP"]
[BlackTeamCountry "ESP"]

1. e4 e6 2. d4 d5 3. Nc3 Nf6 4. Bg5 dxe4 5. Nxe4 Be7 6. Bxf6 gxf6 7. Nf3 a6 8. Qe2 b5 9. 0-0-0 Bb7 10. Kb1 Nd7 11. Nfd2 f5 12. Ng3 c5 13. dxc5 Qc7 14. Nb3 Nxc5 15. Nxc5 Qxc5 16. Nh5 Rc8 17. Nf4 Bf6 18. Nd3 Qc7 19. f3 Ke7 20. h4 Rhd8 21. Rh3 Rd4 22. h5 Bd5 23. c3 Qc4 24. Nb4 Qxe2 25. Bxe2 Rxd1+ 26. Bxd1 Bb7 27. Bc2 Rg8 28. g4 fxg4 29. fxg4 Rxg4 30. Bxh7 Bg5 31. Nd3 f5 32. Kc2 Be4 33. Kb3 Bd5+ 34. Kc2 Bxa2 35. Rh2 Bd5 36. Ne5 Be4+ 37. Kb3 Bd5+ 38. Kc2 Rg1 39. Re2 Kf6 40. Bg6 Be4+ 41. Nd3 Rc1+ 42. Kb3 Bxd3 43. Rh2 a5 44. Ka2 Bh6 45. Be8 a4 46. b3 Rc2+ 47. Rxc2 Bxc2 48. bxa4 bxa4 49. Kb2 Bb3 50. c4 Bxc4 51. Bxa4 Be2 0-1

[Event "Catalunya-chT Honor"]
[Site "Catalunya"]
[Date "2009.02.15"]
[Round "3"]
[White "Yepes Martinez, Eduardo"]
[Black "Manera Lopez, Josep"]
[Result "1/2-1/2"]
[WhiteElo "2267"]
[BlackElo "2170"]
[PlyCount "30"]
[EventDate "2009.02.01"]
[EventType "team-tourn"]
[EventRounds "9"]
[EventCountry "ESP"]
[SourceTitle "EXT 2019"]
[Source "ChessBase"]
[SourceDate "2018.10.10"]
[SourceVersion "1"]
[SourceVersionDate "2018.10.10"]
[SourceQuality "1"]
[WhiteTeam "Foment Martinenc"]
[BlackTeam "Figueres"]
[WhiteTeamCountry "ESP"]
[BlackTeamCountry "ESP"]

1. d4 g6 2. Nf3 Bg7 3. Bf4 d6 4. e3 Nd7 5. h3 e5 6. Bh2 Qe7 7. Nc3 c6 8. dxe5 dxe5 9. Qd2 Ngf6 10. 0-0-0 0-0 11. Qd6 Qxd6 12. Rxd6 Re8 13. Bc4 Bf8 14. Rdd1 h6 15. Rhf1 Kg7 1/2-1/2

[Event "Barcelona IM"]
[Site "Barcelona"]
[Date "2008.12.13"]
[Round "8"]
[White "Yepes Martinez, Eduardo"]
[Black "Randazzo, Adrian"]
[Result "1/2-1/2"]
[WhiteElo "2267"]
[BlackElo "2230"]
[PlyCount "51"]
[EventDate "2008.12.06"]
[EventType "tourn"]
[EventRounds "9"]
[EventCountry "ESP"]
[EventCategory "4"]
[SourceTitle "CBM 127 Extra"]
[Source "ChessBase"]
[SourceDate "2009.01.08"]
[SourceVersion "2"]
[SourceVersionDate "2009.01.28"]
[SourceQuality "1"]

1. e4 c5 2. c3 Nf6 3. e5 Nd5 4. Nf3 e6 5. Bc4 d6 6. d4 cxd4 7. cxd4 Be7 8. 0-0 Nc6 9. Qe2 0-0 10. Qe4 Qb6 11. Bd3 f5 12. exf6 Nxf6 13. Qh4 Nb4 14. Be2 Nc2 15. Bd3 Nxa1 16. Nc3 Qd8 17. Bg5 Rf7 18. Rxa1 Bd7 19. Re1 Rc8 20. Re3 g6 21. h3 a6 22. a3 b5 23. Bc2 a5 24. Bb3 b4 25. axb4 axb4 26. Ne2 1/2-1/2

[Event "Barcelona IM"]
[Site "Barcelona"]
[Date "2008.12.12"]
[Round "7"]
[White "Ryan, Joseph"]
[Black "Yepes Martinez, Eduardo"]
[Result "1-0"]
[WhiteElo "2295"]
[BlackElo "2267"]
[PlyCount "163"]
[EventDate "2008.12.06"]
[EventType "tourn"]
[EventRounds "9"]
[EventCountry "ESP"]
[EventCategory "4"]
[SourceTitle "CBM 127 Extra"]
[Source "ChessBase"]
[SourceDate "2009.01.08"]
[SourceVersion "2"]
[SourceVersionDate "2009.01.28"]
[SourceQuality "1"]

1. d4 f5 2. Nf3 Nf6 3. Bg5 e6 4. Nbd2 Be7 5. Bxf6 Bxf6 6. e4 0-0 7. c3 d5 8. exf5 exf5 9. Be2 Nc6 10. 0-0 Qd6 11. Bd3 g5 12. Qc2 g4 13. Ne1 Bg5 14. g3 f4 15. Ng2 Qh6 16. gxf4 Rxf4 17. Rfe1 Rf3 18. Re8+ Kf7 19. Rh8 Rxd3 20. Qxd3 Kg7 21. Rxc8 Rxc8 22. Nf1 Qg6 23. Qxg6+ Kxg6 24. Nfe3 h5 25. Nxd5 Ne7 26. Nxe7+ Bxe7 27. Re1 Bf6 28. Nf4+ Kg5 29. Nd3 Rd8 30. Nc5 Kf5 31. Kg2 b6 32. Ne4 Bh4 33. Ng3+ Kg6 34. Re6+ Kf7 35. Rc6 Rd7 36. Rh6 Bg5 37. Rh7+ Ke6 38. Rxd7 Kxd7 39. Nxh5 Bc1 40. b3 Bb2 41. c4 Bxd4 42. Kg3 Ke6 43. Kxg4 Bxf2 44. Kf4 a6 45. Ke4 b5 46. Nf4+ Kd6 47. Nd3 Bh4 48. Kf5 c6 49. Kg4 Bf6 50. h4 a5 51. a4 bxa4 52. bxa4 Ke6 53. h5 Bd4 54. Kf3 Kf6 55. Ke4 Bc3 56. Nf4 Kg5 57. Ne6+ Kxh5 58. Nd8 Kg6 59. Nxc6 Kf6 60. Kd5 Be1 61. Kc5 Ke6 62. Kb5 Kd6 63. Nxa5 Bf2 64. Nb3 Kc7 65. a5 Kb7 66. a6+ Ka7 67. c5 Bg1 68. c6 Bh2 69. Nc5 Bg3 70. Ne4 Bh2 71. Nc3 Bg3 72. Ka5 Bc7+ 73. Kb5 Bg3 74. Nd5 Kb8 75. Ka5 Bh2 76. Nc3 Bc7+ 77. Kb5 Bg3 78. Ne4 Bh2 79. Nc5 Bc7 80. Ne6 Bg3 81. Kb6 Ka8 82. Nc7+ 1-0

[Event "Barcelona IM"]
[Site "Barcelona"]
[Date "2008.12.09"]
[Round "4"]
[White "Yepes Martinez, Eduardo"]
[Black "Garrido Fernandez, Daniel"]
[Result "0-1"]
[WhiteElo "2267"]
[BlackElo "2273"]
[PlyCount "52"]
[EventDate "2008.12.06"]
[EventType "tourn"]
[EventRounds "9"]
[EventCountry "ESP"]
[EventCategory "4"]
[SourceTitle "CBM 127 Extra"]
[Source "ChessBase"]
[SourceDate "2009.01.08"]
[SourceVersion "2"]
[SourceVersionDate "2009.01.28"]
[SourceQuality "1"]

1. d4 d5 2. Bf4 Nf6 3. e3 c5 4. c3 Qb6 5. Qb3 c4 6. Qc2 g6 7. f3 Bf5 8. e4 dxe4 9. g4 Bd7 10. fxe4 Qe6 11. Nd2 Qxg4 12. Be3 Bc6 13. d5 Nxd5 14. exd5 Bxd5 15. Be2 Qe6 16. Bd4 Bxh1 17. Bxh8 Bh6 18. Bd4 Nc6 19. 0-0-0 0-0-0 20. Kb1 Bxd2 21. Qxd2 Qf5+ 22. Ka1 e5 23. Rf1 Qe6 24. Qg5 exd4 25. cxd4 Rxd4 26. Nf3 Qxe2 0-1

[Event "BCF-chT2 0607 (4NCL)"]
[Site "Sunningdale"]
[Date "2007.05.07"]
[Round "11.3"]
[White "Tymrakiewicz, Rafal"]
[Black "Yepes Martinez, Eduardo"]
[Result "1-0"]
[WhiteElo "2238"]
[BlackElo "2291"]
[PlyCount "49"]
[EventDate "2006.09.16"]
[EventType "team"]
[EventRounds "11"]
[EventCountry "ENG"]
[SourceTitle "EXT 2008"]
[Source "ChessBase"]
[SourceDate "2007.11.25"]
[SourceVersion "1"]
[SourceVersionDate "2007.11.25"]
[SourceQuality "1"]
[WhiteTeam "Guildford III"]
[BlackTeam "White Rose"]
[WhiteTeamCountry "ENG"]
[BlackTeamCountry "ENG"]

1. d4 f5 2. Bg5 g6 3. Nc3 Bg7 4. h4 Nc6 5. Nf3 d6 6. e3 h6 7. Bf4 e5 8. dxe5 Nxe5 9. Bxe5 dxe5 10. Qxd8+ Kxd8 11. 0-0-0+ Bd7 12. Bc4 Ke8 13. Bf7+ Ke7 14. Bxg6 c6 15. e4 f4 16. Rd3 Be8 17. Bxe8 Kxe8 18. Rhd1 Ne7 19. Rd7 b6 20. Rb7 Bf6 21. Rd6 Rf8 22. Re6 Rf7 23. Nxe5 Bxe5 24. Rxe5 Rg7 25. Ne2 1-0

[Event "BCF-chT2 0405 (4NCL)"]
[Site "West Bromwich"]
[Date "2005.04.10"]
[Round "8.3"]
[White "Yepes Martinez, Eduardo"]
[Black "Dineley, Richard"]
[Result "1-0"]
[WhiteElo "2283"]
[BlackElo "2299"]
[PlyCount "53"]
[EventDate "2004.09.18"]
[EventType "team"]
[EventRounds "11"]
[EventCountry "ENG"]
[SourceTitle "EXT 2006"]
[Source "ChessBase"]
[SourceDate "2005.11.24"]
[SourceVersion "1"]
[SourceVersionDate "2005.11.24"]
[SourceQuality "1"]
[WhiteTeam "White Rose"]
[BlackTeam "SW Dragons"]
[WhiteTeamCountry "ENG"]
[BlackTeamCountry "ENG"]

1. d4 Nf6 2. c4 g6 3. Nc3 d5 4. Nf3 Bg7 5. e3 0-0 6. b4 b6 7. Rb1 Bf5 8. Rb3 c6 9. Be2 Nbd7 10. 0-0 dxc4 11. Bxc4 b5 12. Be2 a5 13. a3 axb4 14. axb4 Re8 15. d5 Nxd5 16. Nxd5 cxd5 17. Nd4 Nb6 18. Nxf5 gxf5 19. Bxb5 Rf8 20. Qh5 Nd7 21. Qxf5 e6 22. Qb1 Ra1 23. Qc2 Nb6 24. e4 Qc8 25. Bc6 dxe4 26. Rg3 f5 27. Rxg7+ 1-0

[Event "Catalunya-chT DH"]
[Site "Spain"]
[Date "2004.??.??"]
[Round "5"]
[White "Bestard Borras, Miguel"]
[Black "Yepes Martinez, Eduardo"]
[Result "0-1"]
[WhiteElo "2129"]
[BlackElo "2298"]
[PlyCount "58"]
[EventDate "2004.??.??"]
[EventType "team"]
[EventRounds "9"]
[EventCountry "ESP"]
[SourceTitle "EXT 2007"]
[Source "ChessBase"]
[SourceDate "2006.11.23"]
[SourceVersion "1"]
[SourceVersionDate "2006.11.23"]
[SourceQuality "1"]

1. d4 f5 2. Bg5 g6 3. Nc3 d5 4. f3 Bg7 5. Qd2 c6 6. e4 dxe4 7. 0-0-0 h6 8. Be3 Nf6 9. g4 exf3 10. Nxf3 Nxg4 11. Bf4 e5 12. h3 exf4 13. hxg4 Qd6 14. Bc4 Na6 15. Rhe1+ Kf8 16. Ne5 g5 17. Nf7 Qf6 18. Nxh8 Bxh8 19. Qe2 Nc7 20. gxf5 Bxf5 21. Ne4 Qg6 22. Qf3 Re8 23. Ng3 Bxc2 24. Rxe8+ Nxe8 25. Rd2 Bf5 26. Nxf5 Qxf5 27. Qh5 Bg7 28. Re2 Nd6 29. Re8+ Nxe8 0-1